Rules of Engagement (Record no. 4318)

MARC details
000 -LEADER
fixed length control field 00381nam a22001457a 4500
008 - FIXED-LENGTH DATA ELEMENTS--GENERAL INFORMATION
fixed length control field 250716b |||||||| |||| 00| 0 eng d
020 ## - INTERNATIONAL STANDARD BOOK NUMBER
ISBN 9780446545396
100 ## - MAIN ENTRY--AUTHOR
Author Henning Chard
245 ## - TITLE STATEMENT
Title Rules of Engagement
260 ## - PUBLICATION, DISTRIBUTION, ETC. (IMPRINT)
Place of publication New York
Name of publisher FRaith Words
Date of publication 2010
300 ## - COLLATION
Pagination Viii, 184p.
650 ## - TRACINGS
Main Subject Conduct of life
Subdivision (1st) Interpersonal relation
942 ## - ADDED ENTRY ELEMENTS (KOHA)
Item type Books
050 ## - LIBRARY OF CONGRESS CALL NUMBER
Classification number BJ1581.2
Item number .H46
Holdings
Source of classification or shelving scheme Not for loan Permanent location Current location Date acquired Accession No. Full call number Barcode. Koha item type
Library of Congress Classification   Samuel Ogbemudia Main Library, University of Abuja Samuel Ogbemudia Main Library, University of Abuja 07/16/2025 2025/65201 BJ1581.2 2025-3087 Books